Statistics for The Capitals of Canada

Click here to take the quiz!

General Stats

  • This quiz has been taken 496 times
  • The average score is 10 of 14

Answer Stats

Hint Answer % Correct
CanadaOttawa
92%
OntarioToronto
87%
QuebecQuebec City
80%
AlbertaEdmonton
75%
British ColumbiaVictoria
75%
Northwest TerritoriesYellowknife
73%
Nova ScotiaHalifax
72%
SaskatchewanRegina
71%
Newfoundland and LabradorSaint John's
69%
ManitobaWinnipeg
69%
Yukon TerritoryWhitehorse
69%
Prince Edward IslandCharlottetown
61%
NunavutIqaluit
52%
New BrunswickFredericton
45%

Score Distribution

Percentile by Number Answered

Percent of People with Each Score

Your Score History

You have not taken this quiz